Normal view
MARC view
- تأليف آل خليفة، مريم بنت حسن ؛ م. مشارك عبد الكريم علوان
Entry Personal Name
001 - CONTROL NUMBER
- control field: 53175
003 - CONTROL NUMBER IDENTIFIER
- control field: JO-AjAnu
005 - DATE AND TIME OF LATEST TRANSACTION
- control field: 20230606082733.0
008 - FIXED-LENGTH DATA ELEMENTS
- fixed length control field: 230606|| aca||aabn | a|a d
040 ## - CATALOGING SOURCE
- Original cataloging agency: JO-AjAnu
- Transcribing agency: JO-AjAnu
100 ## - HEADING--PERSONAL NAME
- Personal name: تأليف آل خليفة، مريم بنت حسن ؛ م. مشارك عبد الكريم علوان
670 ## - SOURCE DATA FOUND
- Source citation: Work cat.: (JO-AjAnu)27168: تأليف آل خليفة، مريم بنت حسن ؛ م. مشارك عبد الكريم علوان, author, ملتقى البحرين في حقوق الإنسان وحرياته الأساسية